000 00910nam a2200241Ia 4500
999 _c5737
_d5737
003 OSt
005 20200605110850.0
008 191128s1971 mx ad gr 000 0dspa d
040 _aCO-JMCR
_cCO-JMCR
041 0 _aspa
082 0 4 _a330.1 /
_bD323p
_223
100 1 _aDieguez, Héctor L.,
_eautor
_94975
245 1 0 _aProblemas de microeconomía /
_cHéctor L. Dieguez, Alberto Porto
260 _aMéxico ; Buenos Aires :
_bAmorrortu : Centro Regional de Ayuda Técnica,
_c1971
300 _a283 páginas :
_bgráficos a blanco y negro ;
_c22 cm.
490 _aBiblioteca de economía política
504 _aBibliografía: páginas 278-280
505 _aProducción -- Programación lineal -- Mercados -- Consumo -- Asignación de recursos
650 1 4 _aMicroeconomía
_xMercado
_94976
650 2 4 _aConsumo
_xPlan de producción
_94977
700 1 _aPorto, Alberto,
_eautor
_94978
942 _2ddc
_cBK